CINTA LOLIPOP

Bibliographic Details
Main Author: Stella Luna (Author)
Format: Book
Language:Malay
Published: Shah Alam, Selangor : Grup Buku Karangkraf Sdn. Bhd. 2015
Subjects:

MARC

LEADER 00000cam a2200000 7i4500
001 0000030723
005 20240910.0
008 240214 my may
020 |a 9789674462239 (paperback) 
040 |a INS   |b eng   |e rda 
090 0 0 |a PL5186.S74   |b .C56 2015 
100 0 |a Stella Luna ,   |e author 
245 1 0 |a CINTA LOLIPOP   |c stella luna 
264 1 |a Shah Alam, Selangor :   |b Grup Buku Karangkraf Sdn. Bhd.   |c 2015 
300 |a 550 pages ;   |c 19 cm. 
336 |a text  |2 rdacontent 
337 |a unmediated  |2 rdamedia 
338 |a volume  |2 rdacarrier 
650 0 |a Malay fiction 
650 0 |a Malaysian fiction (Malay) 
999 |a 0000025055   |b BOOK   |c Open Shelf   |e Default branch